|
|
|
|
| LEADER |
00772nam a2200217 a 4500 |
| 001 |
GR-Patra15709 |
| 008 |
030723s1998 gr g 000 0 eng d |
| 020 |
|
|
|a 013802331X
|
| 040 |
|
|
|a GrPaTEI
|b gre
|c GR-PaULI
|
| 040 |
|
|
|a GrPaTEI
|b gre
|c GR-PaULI
|
| 082 |
|
0 |
|a 612.8
|2 21
|
| 100 |
1 |
|
|a Martin, G. Neil
|
| 245 |
1 |
0 |
|a Human neuropsychology /
|c G. Neil Martin.
|
| 260 |
|
|
|a Harlow :
|b Prentice Hall,
|c c1998
|
| 300 |
|
|
|a xxvii, 514σ.
|
| 504 |
|
|
|a Bibliography: p.439-497
|
| 650 |
|
0 |
|a NEUROPSYCHOLOGY
|
| 942 |
|
|
|2 ddc
|
| 952 |
|
|
|0 0
|1 0
|2 ddc
|4 0
|6 612_800000000000000_MAR
|7 0
|9 295023
|a LISK
|b LISK
|c BSC
|d 2021-01-17
|e 24
|f 0
|g 0.00
|l 0
|o 612.8 MAR
|p 92410020966
|r 2021-01-17 00:00:00
|t 1
|w 2021-01-17
|y BK15
|x 20030723 0 1
|x GrPaTEI
|
| 971 |
|
|
|a .b2663224x
|b 15-04-20
|c 23-09-16
|
| 999 |
|
|
|c 172130
|d 172130
|